| 000 | 00577nam a22001697a 4500 | ||
|---|---|---|---|
| 005 | 20140310183637.0 | ||
| 008 | 131209b xxu||||| |||| 00| 0 eng d | ||
| 020 | _a9780762106233 | ||
| 050 |
_aNC 730 _b.T175 2005 |
||
| 100 | _aTappenden, Curtis | ||
| 245 |
_aThe complete watercolour pencil set : _btechniques, equipment and projects for mastering watercolour pencils / _cCurtis Tappenden. |
||
| 260 |
_aPleasantville, NY : _bReader's Digest Assoc., Inc, _c2005. |
||
| 300 |
_a96 p. : _bill. col. ; _c25 cm. |
||
| 650 | _aWatercolours | ||
| 942 |
_2lcc _cBK |
||
| 999 |
_c25740 _d25740 |
||